Florida County Seats - Statistics

General Stats
  • This quiz has been taken 13 times
  • The average score is 37 of 67
Answer Stats
County County Seat % Correct
Alachua Gainesville
100%
Duval Jacksonville
100%
Monroe Key West
100%
Miami-Dade Miami
100%
Lee Fort Myers
89%
Marion Ocala
89%
Orange Orlando
89%
Escambia Pensacola
89%
St. Johns St. Augustine
89%
Hillsborough Tampa
89%
Brevard Titusville
89%
Palm Beach West Palm Beach
89%
Pinellas Clearwater
78%
Broward Fort Lauderdale
78%
Osceola Kissimmee
78%
Bay Panama City
78%
Leon Tallahassee
78%
Volusia DeLand
67%
Putnam Palatka
67%
Seminole Sanford
67%
Sarasota Sarasota
67%
Highlands Sebring
67%
Indian River Vero Beach
67%
Levy Bronson
56%
Citrus Inverness
56%
Columbia Lake City
56%
Lafayette Mayo
56%
Gulf Port St. Joe
56%
Calhoun Blountstown
44%
Holmes Bonifay
44%
Manatee Bradenton
44%
Liberty Bristol
44%
Hernando Brooksville
44%
Flagler Bunnell
44%
Wakulla Crawfordville
44%
Dixie Cross City
44%
Nassau Fernandina Beach
44%
St. Lucie Fort Pierce
44%
Clay Green Cove Springs
44%
Hamilton Jasper
44%
Union Lake Butler
44%
Suwannee Live Oak
44%
Baker Macclenny
44%
Madison Madison
44%
Jackson Marianna
44%
Jefferson Monticello
44%
Taylor Perry
44%
Charlotte Punta Gorda
44%
Gadsden Quincy
44%
Bradford Starke
44%
Martin Stuart
44%
Gilchrist Trenton
44%
Franklin Apalachicola
33%
DeSoto Arcadia
33%
Polk Bartow
33%
Sumter Bushnell
33%
Washington Chipley
33%
Walton DeFuniak Springs
33%
Collier East Naples
33%
Hendry LaBelle
33%
Santa Rosa Milton
33%
Glades Moore Haven
33%
Lake Tavares
33%
Okaloosa Crestview
22%
Pasco Dade City
22%
Okeechobee Okeechobee
22%
Hardee Wauchula
22%
No matching quizzes found
Score Distribution
Percent of People with Each Score
Percentile by Number Answered
Your Score History
You have not taken this quiz